| 000 | 00463nam a22001697a 4500 | ||
|---|---|---|---|
| 003 | MACL | ||
| 005 | 20151226152254.0 | ||
| 008 | 151226b xxu||||| |||| 00| 0 eng d | ||
| 040 | _cMACL | ||
| 041 | _aEnglish | ||
| 082 | _a020 | ||
| 100 |
_aDr.Das,Ranjit _922919 |
||
| 245 | _aLibrary Information Users in Digital Era | ||
| 260 |
_aKolkata _bIndian Association of Special Libraries and Information Centres _c2009 |
||
| 650 |
_aLibrary _922920 |
||
| 942 |
_2ddc _cBK |
||
| 999 |
_c51972 _d51972 |
||